Random Knowledge Quiz #6 - Statistics

General Stats
  • This quiz has been taken 265 times
    263 since last reset
  • The average score is 8 of 15
Answer Stats
Question Answer % Correct
What are Dasher, Dancer, Prancer, Vixen, Comet, Cupid, and Rudolph? Santa Claus's reindeer
94%
How many fingers do chimpanzees have? 10
86%
Who comes next after Victoria, Edward, George, Edward, George, and Elizabeth? Charles
83%
When sent by Morse code, what signal is three short taps followed by three long taps, and then three short taps again? SOS
83%
Who lives in 221B Baker Street? Sherlock Holmes
74%
What currency did Italy use before it was replaced by the euro? The lira
61%
What is Taylor Swift's over year long tour from March 2023 to August 2024 called? The Eras Tour
59%
Which American comedian voiced Dory in Finding Nemo and Finding Dory? Ellen DeGeneres
57%
What are male honey bees called? Drones
56%
Where does the modern Christmas tree originate from? Germany
51%
What best-selling novel was originally Twilight fanfiction? 50 Shades of Grey
35%
Instead of maid of honor, what is the head bridesmaid called if she's married? Matron of honor
33%
In Aladdin, the Genie can't make people fall in love, can't bring people from the dead, and he can't...? Kill
23%
Name one of Titanic's sister ships. Olympic or Britannic
20%
Whose license plate number is 313? Donald Duck
11%
No matching quizzes found
Score Distribution
Percent of People with Each Score
Percentile by Number Answered
Your Score History
You have not taken this quiz since the last reset